000
00326nam a22001337a 4500
008
170918b xxu||||| |||| 00| 0 eng d
020
_a
0882546198
041
_a
eng
080
_a
7
100
_a
44
101
_a
ART
245
_a
REDOM SEURAT AND THE SYMBOLISTE JUPILER A RT LIBRARY
_c
HENRY.CH
942
_2
udc
_c
BK
999
_c
28008
_d
28008